Estilos de vida en residentes de Barranquilla durante la pandemia por SARS-CoV-2 (COVID-19), 2021 (Registro nro. 612)

Detalles MARC
000 -LEADER
fixed length control field 02067nmm a2200301 a 4500
003 - CONTROL NUMBER IDENTIFIER
control field CO-CtgCURN
005 - DATE AND TIME OF LATEST TRANSACTION
control field 20250820210950.0
008 - FIXED-LENGTH DATA ELEMENTS--GENERAL INFORMATION
fixed length control field 220709s2021 xx f 000 0 und d
040 ## - CATALOGING SOURCE
Original cataloging agency CO-CtgCURN
Language of cataloging spa
Transcribing agency coctgcurn
082 ## - DEWEY DECIMAL CLASSIFICATION NUMBER
Classification number ENF 2021
Item number C355e
100 ## - MAIN ENTRY--PERSONAL NAME
Personal name Castro Reyes, Daulys Karina
Relator term autora
9 (RLIN) 5904
245 #0 - TITLE STATEMENT
Title Estilos de vida en residentes de Barranquilla durante la pandemia por SARS-CoV-2 (COVID-19), 2021
Medium [electronic resource] /
Statement of responsibility, etc. Daulys Karina Castro Reyes; Zuleivys Milena Corro Barros; Ricardo Manuel Jiménez Ruiz; María Alejandra Villegas Hurtado; tutora., Cristina Elena Bohórquez Moreno
260 ## - PUBLICATION, DISTRIBUTION, ETC.
Place of publication, distribution, etc. Barranquilla, Atlántico :
Name of publisher, distributor, etc. Corporación Universitaria Rafael Núñez,
Date of publication, distribution, etc. 2021
300 ## - PHYSICAL DESCRIPTION
Extent 1 recurso en línea (45 páginas (PDF)) :
Other physical details tablas
502 ## - DISSERTATION NOTE
Dissertation note Trabajo de Grado (Enfermera). Corporación Universitaria Rafael Núñez. Facultad de Ciencias de la Salud. Programa de Enfermería, 2021
504 ## - BIBLIOGRAPHY, ETC. NOTE
Bibliography, etc. note Incluye referencias bibliográficas
520 ## - SUMMARY, ETC.
Summary, etc. La pandemia Covid 19 que afecta actualmente la población mundial ha traído una serie de cambios que impacta estilos de vida, debido a eso se propone indagar las necesidades y conocimientos del individuo que se ocupara esta investigación, sino también de las condiciones de trabajo y vida puesto que, los cambios en el modo y el estilo de vida de las personas modifican el proceso Salud-Enfermedad.
521 ## - TARGET AUDIENCE NOTE
Target audience note AREA PROFESIONAL
590 ## - LOCAL NOTE (RLIN)
Local note Programa de Enfermería_27
650 ## - SUBJECT ADDED ENTRY--TOPICAL TERM
Topical term or geographic name entry element Enfermería
Form subdivision Tesis y disertaciones académicas
9 (RLIN) 5905
700 ## - ADDED ENTRY--PERSONAL NAME
Personal name Bohórquez Moreno, Cristina Elena
Relator term tutora
9 (RLIN) 5906
700 ## - ADDED ENTRY--PERSONAL NAME
Personal name Corro Barros, Zuleivys Milena
Relator term autora
9 (RLIN) 5907
700 ## - ADDED ENTRY--PERSONAL NAME
Personal name Jiménez Ruiz, Ricardo Manuel
Relator term autor
9 (RLIN) 5908
700 ## - ADDED ENTRY--PERSONAL NAME
Personal name Villegas Hurtado, María Alejandra
Relator term autora
9 (RLIN) 5909
856 ## - ELECTRONIC LOCATION AND ACCESS
Uniform Resource Identifier <a href="https://unicurn.sharepoint.com/:b:/s/biblioteca/EaDupJN-X55IhK2ZPqNH3ewBusjjRzDGfEaC4a_fcKZ7QA?e=MTMcKK">https://unicurn.sharepoint.com/:b:/s/biblioteca/EaDupJN-X55IhK2ZPqNH3ewBusjjRzDGfEaC4a_fcKZ7QA?e=MTMcKK</a>
Link text Consulte aquí el texto completo
942 ## - ADDED ENTRY ELEMENTS (KOHA)
Koha item type Trabajos de grado
Classification part ENF 2021
Item part C355e
Source of classification or shelving scheme Dewey Decimal Classification
Suppress in OPAC No
Existencias
Withdrawn status Lost status Source of classification or shelving scheme Damaged status Not for loan Collection Home library Current library Shelving location Date acquired Inventory number Total checkouts Full call number Barcode Date last seen Copy number Price effective from Koha item type
    Dewey Decimal Classification     Trabajos de grado Miguel Henríquez Castañeda Barranquilla Miguel Henríquez Castañeda Barranquilla Trabajo de grado 07/08/2022 05107   ENF 2021 C355e 05107 07/09/2022 ej.1 07/09/2022 Trabajos de grado